000 02223nam a2200229 a 4500
001 16603820
008 161118s2012 ||||||||||||||||| || u
010 _a2010054158
020 _a9781412980203
050 _aHD 57.7 Nat
100 _aDay, David V
245 1 4 _aThe nature of leadership. (2nd ed.)
_cEdited by David V. Day, John Antonakis.
250 _a2nd ed.
260 _aLos Angeles
_bSAGE Publications
_c2012
300 _aix, 597 p. : ill.
350 _a107.00
500 _aIncludes bibliographical references and indexes.
505 _aLeadership : past, present, and future / David V. Day & John Antonakis -- Leadership : science, nature, and nurture -- Aggregation processes and levels of analysis as organizing structures for leadership theory / Robert G. Lord & Jessica E. Dinh -- Advances in leadership research methods / Michael J. Zyphur, Adam P. Barsky, & Zhen Zhang -- The nature of leadership development / David V. Day -- The nature in leadership : evolutionary, biological, and social neuroscience perspectives / Mark Van Vugt -- The major schools of leadership -- Individual differences in leadership / Timothy A. Judge & David M. Long -- Contingencies, context, situation, and leadership / Roya Ayman & Susan Adams -- Transformational and charismatic leadership / John Antonakis -- The nature of relational leadership : a multi-theoretical lens on leadership relationships and processes / Mary Uhl-Bien, John Maslyn, & Sonia Ospina -- In the minds of followers : follower-centric approaches to leadership / Douglas J. Brown -- The nature of shared leadership / Christina L. Wassenaar & Craig L. Pearce -- Leadership and special domains -- Leadership and culture / Deanne N. Den Hartog & Marcus W. Dickson -- Leadership and gender / Linda L. Carli & Alice H. Eagly -- Leadership and identity / Daan van Knippenberg -- Ethics effectiveness : the nature of good leadership / Joanne B. Ciulla -- Conclusions -- The crucibles of authentic leadership / Warren Bennis.
650 0 _aLEADERSHIP
700 _aAntonakis, John
995 _D107.00
_FCBU-MAIN LIBRARY (Kitwe)
_M1
_UAVAILABLE
_WNov 18, 2016
_ZMain Library Open Access Collection
999 _c52007
_d52007